<?xml version="1.0" encoding="UTF-8"?>
<record
    xmlns:xsi="http://www.w3.org/2001/XMLSchema-instance"
    xsi:schemaLocation="http://www.loc.gov/MARC21/slim http://www.loc.gov/standards/marcxml/schema/MARC21slim.xsd"
    xmlns="http://www.loc.gov/MARC21/slim">

  <leader>01409nam a22002657a 4500</leader>
  <controlfield tag="005">20250807100722.0</controlfield>
  <controlfield tag="008">220124b           ||||| |||| 00| 0 eng d</controlfield>
  <datafield tag="020" ind1=" " ind2=" ">
    <subfield code="a">0771069790</subfield>
  </datafield>
  <datafield tag="040" ind1=" " ind2=" ">
    <subfield code="c">AL</subfield>
  </datafield>
  <datafield tag="041" ind1=" " ind2=" ">
    <subfield code="a">eng</subfield>
  </datafield>
  <datafield tag="082" ind1=" " ind2=" ">
    <subfield code="2">23</subfield>
    <subfield code="a">971.064</subfield>
    <subfield code="b">TRUA</subfield>
  </datafield>
  <datafield tag="100" ind1=" " ind2=" ">
    <subfield code="a">Pierre Elliot Trudeau and others</subfield>
    <subfield code="9">234403</subfield>
  </datafield>
  <datafield tag="245" ind1=" " ind2=" ">
    <subfield code="a">Against the Current: Selected Writings 1930-1996</subfield>
  </datafield>
  <datafield tag="260" ind1=" " ind2=" ">
    <subfield code="a">Toronto</subfield>
    <subfield code="b">McClelland &amp; Stewart Inc.</subfield>
    <subfield code="c">1996</subfield>
  </datafield>
  <datafield tag="300" ind1=" " ind2=" ">
    <subfield code="a">x,340 p.</subfield>
    <subfield code="b">HB</subfield>
    <subfield code="c">24x17 cm.</subfield>
  </datafield>
  <datafield tag="520" ind1=" " ind2=" ">
    <subfield code="a">Gerard Pelletier has brought together a wide variety of excerpts and articles to make up this collection. It includes representative pieces from Trudeau's youth, selections from previously published books and journals, as well as speeches, interviews, letters written to newspapers, and classic essays from his time as a founding contributor to the magazine Cite libre. From beginning to end, whether writing about Utopia or the constitutional compromises wrought by his political opponents, Trudeau demonstrates that he has had no equal, counterpart, or successor in Canadian public life.</subfield>
  </datafield>
  <datafield tag="650" ind1=" " ind2=" ">
    <subfield code="a">Canada Government and Politics</subfield>
    <subfield code="9">14536</subfield>
  </datafield>
  <datafield tag="650" ind1=" " ind2=" ">
    <subfield code="a">Studies and Travel</subfield>
    <subfield code="9">14537</subfield>
  </datafield>
  <datafield tag="650" ind1=" " ind2=" ">
    <subfield code="a">Early Political Writings</subfield>
    <subfield code="9">14538</subfield>
  </datafield>
  <datafield tag="650" ind1=" " ind2=" ">
    <subfield code="a">Nationalism</subfield>
    <subfield code="9">14539</subfield>
  </datafield>
  <datafield tag="650" ind1=" " ind2=" ">
    <subfield code="a">Einstein and Ralston Prize Lectures</subfield>
    <subfield code="9">14540</subfield>
  </datafield>
  <datafield tag="700" ind1=" " ind2=" ">
    <subfield code="a">Pelletier Gerard Ed</subfield>
    <subfield code="9">14542</subfield>
  </datafield>
  <datafield tag="700" ind1=" " ind2=" ">
    <subfield code="a">Tombs, George Tr</subfield>
    <subfield code="9">14543</subfield>
  </datafield>
  <datafield tag="942" ind1=" " ind2=" ">
    <subfield code="2">ddc</subfield>
    <subfield code="c">GF</subfield>
  </datafield>
  <datafield tag="999" ind1=" " ind2=" ">
    <subfield code="c">221324</subfield>
    <subfield code="d">221324</subfield>
  </datafield>
  <datafield tag="952" ind1=" " ind2=" ">
    <subfield code="0">0</subfield>
    <subfield code="1">0</subfield>
    <subfield code="2">ddc</subfield>
    <subfield code="4">0</subfield>
    <subfield code="7">0</subfield>
    <subfield code="8">HIS</subfield>
    <subfield code="a">AL</subfield>
    <subfield code="b">AL</subfield>
    <subfield code="d">2013-03-24</subfield>
    <subfield code="l">0</subfield>
    <subfield code="o">971.064 TRUA</subfield>
    <subfield code="p">GF02206</subfield>
    <subfield code="r">2022-01-24 00:00:00</subfield>
    <subfield code="w">2022-01-24</subfield>
    <subfield code="y">GF</subfield>
  </datafield>
</record>
